Calella de Palafrugell i les havaneres / (Record no. 38260)

MARC details
000 -LEADER
campo de control de longitud fija 00604nam a2200181 i 4500
001 - NÚMERO DE CONTROL
campo de control 38260
003 - IDENTIFICADOR DE NÚMERO DE CONTROL
campo de control ES-MaACL
005 - FECHA Y HORA DE LA ÚLTIMA TRANSACCIÓN
campo de control 20230906155727.0
007 - CAMPO FIJO DE DESCRIPCIÓN FÍSICA--INFORMACIÓN GENERAL
campo de control de longitud fija t|
008 - DATOS DE LONGITUD FIJA--INFORMACIÓN GENERAL
campo de control de longitud fija 030225s1966 sp ||||1| cat d
245 00 - MENCIÓN DEL TÍTULO
Título Calella de Palafrugell i les havaneres /
Mención de responsabilidad, etc. dibuix i text de Joan Pericot ; música y lletre recollides per Frederic Sirés i Ernest Morató.
260 ## - PUBLICACIÓN, DISTRIBUCIÓN, ETC.
Lugar de publicación, distribución, etc. [Palafrugell :
Nombre del editor, distribuidor, etc. Portbó,
Fecha de publicación, distribución, etc. 1966]
300 ## - DESCRIPCIÓN FÍSICA
Extensión 206 p. :
Otras características físicas il. ;
Dimensiones 30 cm.
700 1# - ENTRADA AGREGADA--NOMBRE PERSONAL
Nombre de persona Pericot, Joan.
9 (RLIN) 91261
700 1# - ENTRADA AGREGADA--NOMBRE PERSONAL
Nombre de persona Sirés, Frederic.
9 (RLIN) 106675
700 1# - ENTRADA AGREGADA--NOMBRE PERSONAL
Nombre de persona Morató, Ernest.
9 (RLIN) 83161
852 ## - LOCALIZACIÓN
Ubicación ES-MaACL
Número de control de estantería C-35735
Sublocalización o colección R.65987
Holdings
Estatus retirado Estado de pérdida Estado de daño No para préstamo Biblioteca de origen Biblioteca actual Ubicación en estantería Fecha de adquisición Fuente de adquisición Total de préstamos Signatura topográfica completa Código de barras Visto por última vez Precio de reemplazo Tipo de ítem Koha
        Biblioteca del Ateneo de Madrid Biblioteca del Ateneo de Madrid Depósito 2 17/01/2008     C-35735 1040273 23/02/2023 23/02/2023 Libro impreso